2811-大阪市此花区(大阪府)の駅 - Statistics

General Stats
  • This quiz has been taken 25 times
  • The average score is 6 of 7
Answer Stats
Answer % Correct
桜島
100%
ユニバーサルシティ
96%
西九条
92%
安治川口
92%
夢洲
88%
伝法
79%
千鳥橋
71%
No matching quizzes found
Score Distribution
Percent of People with Each Score
Percentile by Number Answered
Your Score History
You have not taken this quiz